000 00883nam a2200265 a 4500
008
020 _a0865435588
020 _a0865435596 (pbk. : alk. paper)
049 _aMAIN
090 0 0 _aHC800
100 0 _aKidane Mengisteab.
245 0 0 _aGlobalization and autocentricity in Africa's development in the 21st century /
_cKidane Mengisteab.
260 _aTrenton, NJ :
_bAfrica World Press,
_cc1996.
300 _aix, 229 p. ;
_c22 cm.
504 _aIncludes bibliographical references.
500 _aIncludes index.
651 0 _aAfrica, Sub-Saharan
_xEconomic policy.
651 0 _aAfrica, Sub-Saharan
_xEconomic integration.
651 0 _aAfrica, Sub-Saharan
_xForeign economic relations.
907 _a.b10080156
_b04-07-03
_c04-07-03
003
005 20230123133318.0
040 _cNUST
942 _cBOOKS
_kHC800
999 _c146409
_d146409